01115nam a2200277 a 450000100060000000300080000600500170001400800410003102000150007203500190008704000280010604100080013408200240014210000230016624501160018926000540030530000330035949000570039249000410044950400550049065000250054571000400057071000730061071000970068383000570078072620BD-RjUL20211209082304.0170521s2004 ph a b i001 0 eng  a9719314400 a(BD-RjUL)72838 aDLCbengcDLCdDLCerda aeng 223a634.9bDZR 20041 aDzung, Nguyen Huy,14aThe return of limestone forests, northeastern Viet Nam :ba collaborative study /cNguyen Huy Dzung ...[et. al] aBohol, Philippines :bAsia Forest Network,c2004. avii, 45 p. :bill. :c28 cm.0 aCommunity forest management trends in Southeast Asia0 aResearch network report ;vnumber 11 aIncludes bibliographical references (pages 41-44). 0aForests and forestry2 aAsia Forest Network,eissuing body.2 aViện điều tra quy hoạch rừng (Vietnam)eissuing body.2 aTrung tâm tài nguyên và môi trường lâm nghiệp (Vietnam)eissuing body. aCommunity forest management trends in Southeast Asia